Advances in bioprocessing engineering

Sábháilte in:
Sonraí bibleagrafaíochta
Príomhchruthaitheoirí: Yang, Xiusheng Harrison (Údar), Tang, Juming (Údar)
Formáid: LEABHAR
Teanga:Béarla
Foilsithe / Cruthaithe: Danvers World Scientific 2002
Sraith:Advances in Agricultural Science and Technology, 1
Ábhair:
Clibeanna: Cuir clib leis
Níl clibeanna ann, Bí ar an gcéad duine le clib a chur leis an taifead seo!

MARC

LEADER 00000nam a2200000 a 4500
001 UCL8295
003 CL-VaPUC
008 040618e20020000US |||||||||||||||||eng|d
020 |a 981024696X 
082 0 4 |a 660.63  |b YAN  |2 21 
100 0 |a Yang, Xiusheng Harrison  |e author  |9 486206 
700 0 |a Tang, Juming  |e author  |9 486207 
245 1 0 |a Advances in bioprocessing engineering 
300 |a 172 p 
942 |c BK 
945 |d 20040618 00:00:00  |a cmena 
260 |a Danvers  |b World Scientific  |c 2002 
650 0 |a Ingeniería bioquímica   |9 260241 
650 0 |a Biotecnología   |9 259561 
650 7 |a TECNOLOGIA DE ALIMENTOS  |2 CL-VaPUC  |9 486208 
650 7 |a BIODEGRADACION  |2 CL-VaPUC  |9 323969 
583 |a last modification  |c 20040618 00:00:00  |k Rodrigo Vera 
490 0 |a Advances in Agricultural Science and Technology, 1 
999 |c 309644  |d 309642 
952 |0 0  |1 0  |4 0  |6 660_630000000000000_YAN_2002  |7 0  |8 A  |9 377275  |a BIBING  |b BIBING  |d 2019-11-21  |i 3999181  |o 660.63 YAN 2002  |p 3999181  |r 2025-01-20  |w 2019-11-21  |y BK  |k EIB